000 00525nam a2200217Ia 4500
003 GCL
008 140319s9999 xx 000 0 eng d
040 _aGCL /
_cGCL
082 0 4 _a658.8
_bK M
100 1 _aKOTLER, PHILIP
245 1 0 _aMARKETING MANAGEMENT /
_cKOTLER, PHILIP
700 1 _aWRENN, BRUCE
700 1 _aSALIBA, SLIMEN
260 _a[S.N] :
_bPRENTICE HALL ،
_c1988
300 _a334 P
650 0 4 _aMANAGEMENT
650 0 4 _aBUSINESS
650 0 4 _aMARKETING
650 0 4 _aPLANNING
942 _2ddc
_cBK
999 _c17332
_d17332